Manageing Your Time (Record no. 4086)

MARC details
000 -LEADER
fixed length control field 00376nam a22001697a 4500
005 - DATE AND TIME OF LATEST TRANSACTION
control field 20160625165027.0
008 - FIXED-LENGTH DATA ELEMENTS--GENERAL INFORMATION
fixed length control field 160625b xxu||||| |||| 00| 0 eng d
020 ## - INTERNATIONAL STANDARD BOOK NUMBER
ISBN 81-203-1402-6
041 ## - LANGUAGE CODE
Language code of text/sound track or separate title eng
082 ## - DEWEY DECIMAL CLASSIFICATION NUMBER
Item number 10323
100 ## - MAIN ENTRY--AUTHOR NAME
Personal name Dvidson, Jeff
245 ## - TITLE STATEMENT
Title Manageing Your Time
260 ## - PUBLICATION, DISTRIBUTION, ETC. (IMPRINT)
Name of publisher PHI
Year of publication 1998
300 ## - PHYSICAL DESCRIPTION
Number of Pages 214
650 ## - SUBJECT ADDED ENTRY--TOPICAL TERM
Topical Term Management
942 ## - ADDED ENTRY ELEMENTS (KOHA)
Koha item type Books
Holdings
Lost status Damaged status Collection code Home library Current library Shelving location Date acquired Cost, normal purchase price Full call number Accession Number Koha item type
    MANAGEMENT JRU Library JRU Library SHELF-70 A 25/06/2016 150.00 10323 10323 Books